000 00482nam a2200181Ia 4500
005 20250423100809.0
008 250422s9999 xx 000 0 und d
020 _a9789386372376
050 _aG 70.39 .S56/
100 _aSingh, Nandita
245 0 _aRemote sensing geography
260 _aNew Delhi
260 _bRandom publication
260 _c2017
300 _a278 p
650 _aRemote sensing--Congresses. Geographic information systems--Congresses.
942 _cBK
999 _c34368
_d34368